Synthesis and characterization of graphene composites for electromagnetic shielding applications (Record no. 393508)

MARC details
000 -LEADER
fixed length control field 00490nam a22001697a 4500
005 - DATE & TIME
control field 20250912125818.0
008 - FIXED-LENGTH DATA ELEMENTS--GENERAL INFORMATION
fixed length control field 250912b |||||||| |||| 00| 0 eng d
040 ## - CATALOGING SOURCE
Original cataloging agency VIVEKANANDA LIBRARY
082 ## - DDC NUMBER
Classification number 530.41
Book Number S58S
100 ## - MAIN ENTRY--PERSONAL NAME
Personal name Sanket
245 ## - TITLE STATEMENT
Title Synthesis and characterization of graphene composites for electromagnetic shielding applications
260 ## - PUBLICATION, DISTRIBUTION, ETC. (IMPRINT)
Name of publisher, distributor, etc Department of Physics, M D University, Rohtak
Date of publication, distribution, etc 2024
300 ## - PHYSICAL DESCRIPTION
Pages ix, 134
650 ## - Subject
Subject Physics
700 ## - Added Entry Personal Name
Added Entry Personal Name Punia, Rajesh
942 ## - ADDED ENTRY ELEMENTS (KOHA)
Koha item type Thesis
Holdings
Withdrawn status Lost status Source of classification or shelving scheme Damaged status Not for loan Location (home branch) Sublocation or collection (holding branch) Shelving location Date acquired Koha issues (times borrowed) Koha full call number Accession No. Koha date last seen Copy number Koha item type
    Dewey Decimal Classification     VIVEKANANDA LIBRARY VIVEKANANDA LIBRARY Vivekananda Library 12/09/2025   530.41 S58S 411076 12/09/2025 R Thesis
© Designed and Maintained by Vivekananda Library, MDU Rohtak